10 meistgesprochene Sprachen (anhand der Gesamtsprecher) - Statistiken

Allgemein
  • Dieses Quiz wurde 16 mal gespielt
  • Das Durchschnittsergebnis liegt bei 7 aus 10
Antwortstatistiken
Rang Gesamtsprecher Sprache % Korrekt
1. 1.453 Mio. Englisch
100%
5. 274 Mio. Französisch
100%
4. 559 Mio. Spanisch
93%
6. 274 Mio. Hocharabisch
87%
3. 610 Mio. Hindi
80%
8. 258 Mio. Russisch
73%
9. 258 Mio. Portugiesisch
67%
10. 231 Mio. Urdu
40%
2. 1.118 Mio. Mandarin-Chinesisch
33%
7. 273 Mio. Bengalisch
27%
Keine übereinstimmenden Quizze gefunden
Verteilung der Resultate
Anzahl Personen mit jedem Resultat
Perzentil nach korrekt beantworteten Fragen
Ihre Resultats-Entwicklung
Sie haben dieses Quiz noch nicht gespielt